South Park's Coon and Friends - Statistics

General Stats
  • This quiz has been taken 1,200 times
    1,162 since last reset
  • The average score is 6 of 11
Answer Stats
Hint Answer % Correct
Eric Cartman The Coon
99%
Kenny McCormick Mysterion
93%
Butters Stotch Professor Chaos
76%
Stan Marsh Toolshed
65%
Bradley Biggle Mint Berry Crunch
56%
Kyle Broflovski Human Kite
55%
Token Black Tupperware
55%
Clyde Donovan Mosquito
54%
Timmy Burch Iron Maiden
27%
Dougie General Disarray
21%
Jack Brolin Captain Hindsight
6%
No matching quizzes found
Score Distribution
Percent of People with Each Score
Percentile by Number Answered
Your Score History
You have not taken this quiz since the last reset